IMPLEMENTING SIX SIGMA SMARTER SOLUTIONS (Record no. 22757)
[ view plain ]
| 000 -LEADER | |
|---|---|
| fixed length control field | 00369nam a2200145Ia 4500 |
| 008 - FIXED-LENGTH DATA ELEMENTS--GENERAL INFORMATION | |
| fixed length control field | 240624s9999 xx 000 0 und d |
| 041 ## - LANGUAGE CODE | |
| Language code of text/sound track or separate title | eng |
| 082 ## - DEWEY DECIMAL CLASSIFICATION NUMBER | |
| Classification number | 658.562 BRE |
| 100 ## - MAIN ENTRY--PERSONAL NAME | |
| Personal name | BREYFOGLE FORREST W |
| 245 ## - TITLE STATEMENT | |
| Title | IMPLEMENTING SIX SIGMA SMARTER SOLUTIONS |
| 250 ## - EDITION STATEMENT | |
| Edition statement | (2nd ed.) |
| 260 ## - PUBLICATION, DISTRIBUTION, ETC. | |
| Date of publication, distribution, etc. | 2003 |
| Place of publication, distribution, etc. | Texas |
| Name of publisher, distributor, etc. | John Wiley & Sons |
| 300 ## - PHYSICAL DESCRIPTION | |
| Extent | 1232 : p. |
| 365 ## - TRADE PRICE | |
| Currency code | |
| Price amount | 28 |
| Withdrawn status | Lost status | Damaged status | Not for loan | Home library | Current library | Shelving location | Date acquired | Source of acquisition | Cost, normal purchase price | Full call number | Barcode | Date last seen | Copy number | Price effective from | Koha item type |
|---|---|---|---|---|---|---|---|---|---|---|---|---|---|---|---|
| IMTN | IMTN | Rack 34-B | 05/28/2014 | AP | 125.00 | 658.562 BRE | 22757 | 06/24/2024 | 63.6 | 06/24/2024 | Books |